Der Hitler-Prozeß vor dem Volksgericht in München / 2 Die Ausführungen der Staatsanwälte und der Verteidiger. Das Schlusswort der Angeklagten. Das Urteil. Anhang: Erklärungen und Entgegenungen
| Format: | Print Book |
|---|---|
| Language: | German |
| Published: |
München
Knorr & Hirth
1924
|
| In: |
Der Hitler-Prozeß vor dem Volksgericht in München
Year: 1924 |
| Availability in Tübingen: | Present in Tübingen. UB: Hn 296 a-1/2 |
| Check availability: | HBZ Gateway |
| Subito Delivery Service: | Order now. |
MARC
| LEADER | 00000cam a22000002cc4500 | ||
|---|---|---|---|
| 001 | 1073198340 | ||
| 003 | DE-627 | ||
| 005 | 20241007171056.0 | ||
| 007 | tu | ||
| 008 | 850101s1924 xx ||||| 00| ||ger c | ||
| 035 | |a (DE-627)1073198340 | ||
| 035 | |a (DE-576)003198340 | ||
| 035 | |a (DE-599)BSZ003198340 | ||
| 035 | |a (OCoLC)310629732 | ||
| 035 | |a (OCoLC)163460988 | ||
| 035 | |a (OCoLC)1043860945 | ||
| 040 | |a DE-627 |b ger |c DE-627 |e rakwb | ||
| 041 | |a ger | ||
| 245 | 0 | 4 | |a Der Hitler-Prozeß vor dem Volksgericht in München |n 2 |p Die Ausführungen der Staatsanwälte und der Verteidiger. Das Schlusswort der Angeklagten. Das Urteil. Anhang: Erklärungen und Entgegenungen |
| 264 | 1 | |a München |b Knorr & Hirth |c 1924 | |
| 300 | |a 120 S. | ||
| 336 | |a Text |b txt |2 rdacontent | ||
| 337 | |a ohne Hilfsmittel zu benutzen |b n |2 rdamedia | ||
| 338 | |a Band |b nc |2 rdacarrier | ||
| 583 | 1 | |a Archivierung/Langzeitarchivierung gewährleistet |c 20211028 |f SLG |x XA-DE-BW |z Rara |2 pdager |5 DE-25 | |
| 583 | 1 | |a Archivierung/Langzeitarchivierung gewährleistet |f SSG |x XA-DE-BW |2 pdager |5 DE-21 | |
| 773 | 1 | 8 | |a Der Hitler-Prozeß vor dem Volksgericht in München |w (DE-627)1073198324 |w (DE-576)003198324 |g 2 |q 2 |7 nnam |
| 935 | |a mkri | ||
| 951 | |a MV | ||
| ELC | |b 1 | ||
| LOK | |0 000 xxxxxcx a22 zn 4500 | ||
| LOK | |0 001 2465169262 | ||
| LOK | |0 003 DE-627 | ||
| LOK | |0 004 1073198340 | ||
| LOK | |0 005 20051205000000 | ||
| LOK | |0 008 991228||||||||||||||||ger||||||| | ||
| LOK | |0 040 |a DE-21 |c DE-627 |d DE-21 | ||
| LOK | |0 852 |a DE-21 | ||
| LOK | |0 852 1 |c Hn 296 a-1/2 |9 00 | ||
| LOK | |0 935 |a dika | ||
| LOK | |0 939 |a 28-12-99 |b l01 | ||
| LOK | |0 000 xxxxxcx a22 zn 4500 | ||
| LOK | |0 001 2603699954 | ||
| LOK | |0 003 DE-627 | ||
| LOK | |0 004 1073198340 | ||
| LOK | |0 005 20150629112504 | ||
| LOK | |0 008 090626||||||||||||||||ger||||||| | ||
| LOK | |0 040 |a DE-21-106 |c DE-627 |d DE-21-106 | ||
| LOK | |0 541 |e 7108/72 | ||
| LOK | |0 852 |a DE-21-106 | ||
| LOK | |0 852 1 |c K I Hit A |m p |9 00 | ||
| LOK | |0 852 2 |b Zimmer 305 |9 00 | ||
| LOK | |0 935 |a k106 |a i106 |a sogf | ||
| LOK | |0 938 |k p | ||
| LOK | |0 939 |a 26-06-09 |b l01 | ||
| LOK | |0 000 xxxxxcx a22 zn 4500 | ||
| LOK | |0 001 2560527294 | ||
| LOK | |0 003 DE-627 | ||
| LOK | |0 004 1073198340 | ||
| LOK | |0 005 20080116114916 | ||
| LOK | |0 008 080116||||||||||||||||ger||||||| | ||
| LOK | |0 040 |a DE-Frei85 |c DE-627 |d DE-Frei85 | ||
| LOK | |0 852 |a DE-Frei85 | ||
| LOK | |0 852 1 |m p |9 00 | ||
| LOK | |0 938 |k p | ||
| LOK | |0 939 |a 16-01-08 |b l01 | ||
| ORI | |a SA-MARC-krimdoka001.raw | ||
| SIG | |a UB: Hn 296 a-1/2 | ||
